Sanat - "Vauhti kiihtyy" - Portion Boys & Matti ja Teppo - Statistics

Yleistilastot
  • Tätä visaa on pelattu 224 kertaa
  • Keskiarvotulos 118 / 219
Vastaustilastot
Vastaus % Oikein
va
100%
kiihtyy
98%
ku
98%
vauhti
98%
tule
96%
juhlimaan
95%
kuinka
95%
tunnen
95%
tunnin
95%
Minä
94%
minä
94%
mukanani
91%
kansa
90%
jos
89%
viihtyy
89%
on
88%
tää
87%
jossa
85%
paikka
85%
kun
76%
kiinni
75%
aurinkoon
73%
ja
68%
lennän
66%
kunnolla
65%
tunnelmasta
64%
kuk
62%
aamu
60%
Aamu
60%
60%
kuka
59%
saan
54%
kestää
53%
Mikä
52%
oli
51%
ei
50%
estää
50%
tosi
50%
vahva
50%
kanssasi
49%
meitä
49%
päässä
47%
sinun
47%
takana
47%
tänä
47%
voisi
47%
monen
44%
vauhtia
44%
ajokortin
42%
vikana
42%
yönä
42%
liikaa
41%
mutta
39%
vei
39%
pysäytti
38%
piti
36%
poliisitkin
36%
Vantaa
36%
portin
35%
auta
34%
hotelli
34%
talla
34%
selitykset
33%
keimolan
32%
läpi
32%
Hämeenlinna
31%
matka
31%
priimaa
31%
lähenee
30%
toisiin
30%
karata
29%
tarjolla
28%
jatkettii
27%
kadetilla
27%
pohjas
27%
tulisuudelmassa
27%
uppoudutaan
27%
kirkasta
24%
matkaa
24%
vaihtaa
24%
mun
21%
tänään
21%
en
20%
hinnasta
19%
koko
19%
kuskii
19%
olis
19%
forget
18%
mistään
18%
never
18%
sitä
18%
skoolataan
18%
väylän
18%
kuuhun
17%
nopee
17%
kenraali
16%
koisii
16%
ehtii
15%
myöhemminki
15%
nautitaan
15%
hetkestä
14%
saako
14%
huudetaan
13%
nimi
13%
olen
13%
varmaan
13%
astronautti
12%
sekä
12%
one
11%
ticket
11%
tusuun
11%
way
11%
boom
10%
lattee
10%
pitäs
10%
taidan
9%
autia
6%
lentäs
6%
sut
6%
autis
5%
tervetuloo
5%
aurinkoiseen
4%
viedät
0%
Ehtoja vastaavia visoja ei löytynyt
Tulosjakauma
Jokaisen tuloksen saaneiden osuus
Persentiili vastausten määrän mukaan
Tuloshistoriasi
Et ole pelannut tätä visaa